<?xml version="1.0" encoding="UTF-8"?>
<record
    xmlns:xsi="http://www.w3.org/2001/XMLSchema-instance"
    xsi:schemaLocation="http://www.loc.gov/MARC21/slim http://www.loc.gov/standards/marcxml/schema/MARC21slim.xsd"
    xmlns="http://www.loc.gov/MARC21/slim">

  <leader>00870nam a22001577a 4500</leader>
  <controlfield tag="003">OSt</controlfield>
  <controlfield tag="005">20250313144819.0</controlfield>
  <controlfield tag="008">250224b2025    dr a|||fdp|i| 00| 0 spa d</controlfield>
  <datafield tag="040" ind1=" " ind2=" ">
    <subfield code="a">CGID004</subfield>
    <subfield code="b">spa</subfield>
    <subfield code="c">CGID004</subfield>
    <subfield code="e">rda</subfield>
  </datafield>
  <datafield tag="100" ind1=" " ind2=" ">
    <subfield code="a">Milagros de Jes&#xFA;s Guzm&#xE1;n Mart&#xED;nez ; Rosario Ynmaculada C&#xE1;ceres Rosario ; Luis Miguel Pacheco Ferreira</subfield>
  </datafield>
  <datafield tag="245" ind1=" " ind2=" ">
    <subfield code="a">Factores socioculturales y su relaci&#xF3;n con el rendimiento acad&#xE9;mico </subfield>
    <subfield code="b"> de los estudiantes del Instituto Superior de Formaci&#xF3;n Docente Salom&#xE9; Ure&#xF1;a, recinto Luis Napole&#xF3;n N&#xFA;&#xF1;ez Molina</subfield>
  </datafield>
  <datafield tag="300" ind1=" " ind2=" ">
    <subfield code="a">82p.</subfield>
  </datafield>
  <datafield tag="505" ind1=" " ind2=" ">
    <subfield code="a">El presente trabajo se enmarc&#xF3; en determinar los factores socioculturales y su relaci&#xF3;n con el rendimiento acad&#xE9;mico de los estudiantes del Instituto Superior de Formaci&#xF3;n Docente Salom&#xE9; Ure&#xF1;a (ISFODOSU) en el Recinto Luis Napole&#xF3;n N&#xFA;&#xF1;ez Molina.</subfield>
  </datafield>
  <datafield tag="650" ind1=" " ind2=" ">
    <subfield code="a">Articulo</subfield>
  </datafield>
  <datafield tag="942" ind1=" " ind2=" ">
    <subfield code="2">ddc</subfield>
    <subfield code="c">INV</subfield>
    <subfield code="n">0</subfield>
  </datafield>
  <datafield tag="999" ind1=" " ind2=" ">
    <subfield code="c">12509</subfield>
    <subfield code="d">12509</subfield>
  </datafield>
  <datafield tag="952" ind1=" " ind2=" ">
    <subfield code="0">0</subfield>
    <subfield code="1">0</subfield>
    <subfield code="2">ddc</subfield>
    <subfield code="4">0</subfield>
    <subfield code="7">0</subfield>
    <subfield code="a">RI</subfield>
    <subfield code="b">RI</subfield>
    <subfield code="d">2025-02-24</subfield>
    <subfield code="l">0</subfield>
    <subfield code="r">2025-02-24 17:28:51</subfield>
    <subfield code="u">https://doi.org/10.47554/revie.vol12.num1.2025.pp66-82</subfield>
    <subfield code="w">2025-02-24</subfield>
    <subfield code="y">INV</subfield>
  </datafield>
</record>
